Welcome to WEB OPAC of MRSPTU Central Library

Dairy Science and Technology Handbook Volume 3 (Record no. 7386)

MARC details
000 -LEADER
fixed length control field 00484nam a2200169Ia 4500
008 - FIXED-LENGTH DATA ELEMENTS--GENERAL INFORMATION
fixed length control field 230711s9999||||xx |||||||||||||| ||und||
020 ## - INTERNATIONAL STANDARD BOOK NUMBER
International Standard Book Number 978-81-265-4726-5
041 ## - LANGUAGE CODE
Language code of text/sound track or separate title ENG
082 ## - DEWEY DECIMAL CLASSIFICATION NUMBER
Classification number 637
Item number HU-D
100 ## - MAIN ENTRY--PERSONAL NAME
Personal name Hui,Y.H
245 #0 - TITLE STATEMENT
Title Dairy Science and Technology Handbook Volume 3
Remainder of title Applications Science,Technology and Engineering
250 ## - EDITION STATEMENT
Edition statement 1st Ed.
260 ## - PUBLICATION, DISTRIBUTION, ETC.
Date of publication, distribution, etc. 1993
Place of publication, distribution, etc. New Delhi
Name of publisher, distributor, etc. Wiley India Pvt.Ltd
300 ## - PHYSICAL DESCRIPTION
Extent 437p.
650 ## - SUBJECT ADDED ENTRY--TOPICAL TERM
Topical term or geographic name entry element Food Science and Technology
942 ## - ADDED ENTRY ELEMENTS (KOHA)
Koha item type Book
Holdings
Withdrawn status Lost status Damaged status Not for loan Collection Home library Current library Date acquired Source of acquisition Cost, normal purchase price Inventory number Total checkouts Full call number Barcode Date last seen Price effective from Koha item type
          MRSPTU Central Library MRSPTU Central Library   INDICA PUBLISHERS & DISTRIBUTORS PVT.LTD 1095.00 1789/2017-201843171   637 HU-D P1379 08/17/2023 08/17/2023 Book

Website Designed and Developed by MRSPTU Central Library Team

E-mail Id: librarian@mrsptu.ac.in